| 000 | 00621nam a22001457a 4500 | ||
|---|---|---|---|
| 020 | _a0-00-231749-4 | ||
| 082 |
_a823 _bCHR/S |
||
| 100 | _aCHRISTIE, AGATHA | ||
| 245 | _aTHE SEVEN DIALS MYSTERY | ||
| 260 |
_aLONDON _bHARPER COLLINS _c1990 |
||
| 300 | _a222 | ||
| 520 | _aWhen Gerald Wade died, apparently from an overdose of sleeping draught, seven clocks appeared on the mantelpiece. Who put them there and had they any connection with the Night Club in Seven Dials? That is the mystery that Bill Eversleigh and Bundle and two other young people set out to investigate. | ||
| 650 |
_aNOVEL _zUNITED KINGDOM |
||
| 942 | _cBK | ||
| 999 |
_c2976 _d2976 |
||